|
|
|
|
| LEADER |
00000nas a2200000 a 4500 |
| 001 |
ssj0011638 |
| 003 |
WaSeSS |
| 005 |
20200512172242.0 |
| 006 |
m d |
| 007 |
cr n |
| 008 |
990729c19609999ne bx p s o 0 a0eng c |
| 010 |
|
|
|a 2004233309
|
| 016 |
7 |
|
|a 2009984-8
|2 DE-600
|
| 022 |
|
|
|a 1573-191X
|l 0039-3746
|y 0039-3746
|
| 035 |
|
|
|a (WaSeSS)ssj0011638
|
| 040 |
|
|
|a F#A
|b eng
|e pn
|c F#A
|d OCLCQ
|d GUA
|d U9S
|d MYG
|d OCLCQ
|d CUD
|d OCLCO
|d OCLCQ
|d OCLCO
|d OCLCF
|d OCLCO
|d OCLCQ
|d OCLCE
|d CSU
|d WT2
|d OCLCQ
|d DLC
|d AU@
|d VT2
|d NJT
|d WaSeSS
|
| 042 |
|
|
|a pcc
|
| 050 |
0 |
0 |
|a L11
|
| 082 |
0 |
4 |
|a 370.1
|
| 130 |
0 |
|
|a Studies in philosophy and education (Online)
|
| 245 |
1 |
0 |
|a Studies in philosophy and education
|h [electronic resource].
|
| 246 |
1 |
|
|a Studies in philosophy & education
|
| 260 |
|
|
|3 <-2004> :
|a [Dordrecht] :
|b Kluwer Academic Publishers
|
| 260 |
3 |
|
|3 <2009-> :
|a [Dordrecht] :
|b Springer Netherlands,
|c 1960-
|
| 310 |
|
|
|a Six no. a year,
|b 1999-
|
| 321 |
|
|
|a Four no. a year,
|b <1997>-1998
|
| 362 |
1 |
|
|a Began with: V. 1, no. 1 (Sept. 1960).
|
| 500 |
|
|
|a "An international journal."
|
| 506 |
|
|
|a License restrictions may limit access.
|
| 515 |
|
|
|a Some nos. issued in combined form.
|
| 588 |
|
|
|a Description based on: Vol. 1, no. 1 (Sept. 1960); title from journal contents screen (SpringerLink, viewed Oct. 19, 2009).
|
| 588 |
|
|
|a Latest issue consulted: Vol. 37, no. 6 (Nov. 2018) (SpringerLink website, viewed Feb. 4, 2019).
|
| 650 |
|
0 |
|a Education
|x Philosophy
|v Periodicals.
|
| 650 |
|
0 |
|a Education
|v Periodicals.
|
| 650 |
|
0 |
|a Philosophy
|v Periodicals.
|
| 650 |
|
6 |
|a Éducation
|x Philosophie
|v Périodiques.
|
| 650 |
|
6 |
|a Éducation
|v Périodiques.
|
| 650 |
|
6 |
|a Philosophie
|v Périodiques.
|
| 650 |
|
7 |
|a Education.
|2 fast
|0 (OCoLC)fst00902499
|
| 650 |
|
7 |
|a Education
|x Philosophy.
|2 fast
|0 (OCoLC)fst00902721
|
| 650 |
|
7 |
|a Philosophy.
|2 fast
|0 (OCoLC)fst01060777
|
| 650 |
1 |
7 |
|a Filosofie.
|2 gtt
|
| 650 |
1 |
7 |
|a Onderwijs.
|2 gtt
|
| 655 |
|
0 |
|a Electronic journals.
|
| 776 |
0 |
8 |
|i Print version:
|t Studies in philosophy and education
|x 0039-3746
|w (DLC) 64064804
|w (OCoLC)1604448
|
| 850 |
|
|
|a DLC
|
| 856 |
4 |
0 |
|z Full text available from Research Library: 01/01/1997 to 1 year ago
|u https://search.proquest.com/publication/54197
|